| 000 | 00356nam a22001577a 4500 | ||
|---|---|---|---|
| 003 | SGT | ||
| 020 | _a8172246293 | ||
| 082 |
_a615.535 _bN22B |
||
| 100 | _aBAKHRU, KH.K | ||
| 245 | _aNATUROPATHY FOR LONGEVITY | ||
| 260 |
_aDELHI _bJAICO PUB. _c2022 |
||
| 300 | _a362 | ||
| 650 | _aNATUROPATHY, | ||
| 653 | _aNATUROPATHY, LONGEVITY | ||
| 942 |
_2ddc _cBK _010 |
||
| 999 |
_c24507 _d24507 |
||